000 00302nam a22001337a 4500
008 170608b xxu||||| |||| 00| 0 eng d
020 _a1555460801
041 _aeng
080 _a94
100 _a18
101 _aSHH
245 _aFRENCH PROSE AND CRITICISM THROUGH 1789
_cBLOOM,H
942 _2udc
_cBK
999 _c16498
_d16498